Analyzing Conventional and Islamic Financial Impact in Uzbekistan: A Comparison of World Bank and Islamic Development Bank Projects

Tento článok skúma cestu rozvoja Uzbekistanu a hodnotí rozširujúcu sa spoluprácu medzi Islamskou rozvojovou bankou (IsDB) a Skupinou Svetovej banky (WBG). Kontrastuje prístupy a prínosy týchto inštitúcií k ekonomickému pokroku a rozvoju nezávislého Uzbekistanu.

Salvato in:
Dettagli Bibliografici
Autore principale: Kromková, Júlia, 1998-
Natura: Capitolo di libro
Lingua:inglese
Soggetti:
Tags: Aggiungi Tag
Nessun Tag, puoi essere il primo ad aggiungerne!!

MARC

LEADER 00000naa$a2200000$$$4500
001 0303665
005 20240823124651.9
041 0 |a eng 
044 |a SK 
245 1 0 |a Analyzing Conventional and Islamic Financial Impact in Uzbekistan: A Comparison of World Bank and Islamic Development Bank Projects  |c Júlia Kromková 
520 |a Tento článok skúma cestu rozvoja Uzbekistanu a hodnotí rozširujúcu sa spoluprácu medzi Islamskou rozvojovou bankou (IsDB) a Skupinou Svetovej banky (WBG). Kontrastuje prístupy a prínosy týchto inštitúcií k ekonomickému pokroku a rozvoju nezávislého Uzbekistanu. 
610 2 0 |a islam 
610 2 0 |a Uzbekistan 
610 2 0 |a banky 
610 2 0 |a financie 
610 2 0 |a ekonomika 
610 2 0 |a rozvoj investičný 
100 1 |a Kromková, Júlia, 1998-